000 01138nam0a22002891 4500
001 v19\rc\1890164
005 20260405205310.0
035 _a(NLR Aleph) 005260873
090 _a5900454
_c5900455
100 _a20080221d1910 |||y0rusy50 ca
101 1 _arus
_cfre
102 _aRU
105 _ay z |||a|
200 1 _aСверх-художник
_d(La[!] peintre exigeant)
_eКомедия в 1 д. Тристана Бернар
_fПер. с фр. Н. Вильде
_zfre
210 _aМосква
_cС.Ф. Рассохин
_dценз. 1910
215 _a16 с.
_d26
309 _aНапеч. на пиш. маш. Литогр.
510 0 _a(La[!] peintre exigeant)
_zfre
700 1 _8rus
_7ca
_aБернар
_bТ.
_f1866-1947
_gТристан
_3RU\NLR\AUTH\7792568
_975495
702 1 _4730
_7ca
_8rus
_aВильде
_bН. Н.
_fок. 1866-1918
_gНиколай Николаевич
_9222774
_3RU\NLR\AUTH\770222830
801 0 _aRU
_bNLR
_c20080221
_gpsbo
801 0 _aRU
_bRuMoRGB
_c20080221
_2psbo
801 1 _aRU
_bProSoft-M
_c20080221
_2rusmarc
801 2 _aRU
_bNLR
_c20111221
_2rusmarc
852 _aNLR
_j20.98.8.143
942 _cBOOK
980 _aNB